ABA MVPs Quiz - Statistics

General Stats
  • This quiz has been taken 84 times
  • The average score is 5 of 10
Answer Stats
Year Player % Correct
1976 Julius Erving
98%
1975 (Tie) Julius Erving
98%
1974 Julius Erving
98%
1972 Artis Gilmore
62%
1975 (Tie) George McGinnis
38%
1968 Connie Hawkins
32%
1971 Mel Daniels
32%
1969 Mel Daniels
32%
1970 Spencer Haywood
25%
1973 Billy Cunningham
22%
No matching quizzes found
Score Distribution
Percent of People with Each Score
Percentile by Number Answered
Your Score History
You have not taken this quiz